| 000 | 00757nam a2200205 a 4500 | ||
|---|---|---|---|
| 008 | 120416s2005 ||||||||||||||||| || u | ||
| 020 | _a0821359533 | ||
| 050 | _aIBRD(06)CS/2005/9 | ||
| 110 | _aWorld Bank | ||
| 245 | 1 | 0 |
_aHousehold risk management and social protection in Chile _cThe World Bank |
| 260 |
_aWashington, D. C. _bWorld Bank _c2005 |
||
| 300 | _a93p. : ill. | ||
| 350 | _a0.00 | ||
| 490 | _aWorld Bank Country Study | ||
| 650 | _aPUBLIC WELFARE--CHILE | ||
| 650 | _aCHILE--SOCIAL POLICY | ||
| 650 | _aHOUSEHOLDS--ECONOMIC ASPECTS--CHILE | ||
| 650 | _aCOST AND STANDARD OF LIVING--CHILE | ||
| 995 |
_D0.00 _FCBU-MAIN LIBRARY (Kitwe) _H1 _I0.00 _M1 _UAVAILABLE _ZInternational Publications |
||
| 999 |
_c45708 _d45708 |
||